Ciencias naturales y tecnología 7 /
Guardado en:
| Autor Principal: | |
|---|---|
| Formato: | Libro |
| Publicado: |
Buenos Aires :
Santillana,
1986
|
| Series: | Egb
|
| Materias: | |
| Etiquetas: |
Agregar Etiqueta
Sin Etiquetas, Sea el primero en etiquetar este registro!
|
| LEADER | 01529nam a22002535a 4500 | ||
|---|---|---|---|
| 001 | CEM.cems018438 | ||
| 005 | 20150528100510.0 | ||
| 008 | 130507s1986##################000#0#####d | ||
| 003 | CEMS | ||
| 020 | |a 9504603513 | ||
| 082 | 0 | 4 | |a 570 |
| 100 | 1 | |a Mérega, Herminia | |
| 245 | 1 | 0 | |a Ciencias naturales y tecnología 7 / |c Dirigido Por Herminia Mérega |
| 260 | |a Buenos Aires : |b Santillana, |c 1986 | ||
| 300 | |a 320 p. | ||
| 490 | 0 | |a Egb | |
| 500 | |a Para nivel Egb | ||
| 505 | 0 | |a La vida y sus propiedades -- El mundo de los animales -- El mundo de las plantas -- La célula, unidad de vida -- Reproducción y herencia en los seres vivos -- Biomas y biodiversidad -- Materia y energía -- Cuerpos y sustancias -- El calor -- Fuerzas y movimientos -- Luz, sonido y ondas -- Electricidad y magnetismo -- La tierra por dentro y por fuera -- Los seres vivos y el ambiente -- Suelos, agua, aire y clima -- La dinámica interna de la tierra -- La historia de la tierra -- De la tierra al universo -- El ser humano -- El organismo humano -- Reproducción humana -- Promoción y protección de la salud -- El ser humano y el ambiente -- La tecnología -- Qué es la tecnología -- Materiales, herramientas y máquinas -- Fuentes de energía -- Las computadoras -- Las telecomunicaciones -- Historia de la tecnología | |
| 653 | |a Ciencias naturales | ||
| 653 | |a Biología | ||
| 653 | |a Ciencias de la tierra | ||
| 653 | |a Geología | ||
| 653 | |a Ciencias naturales-egb | ||
| 859 | |a CEMS |b BIB. CEMS - Agricultura |h 570 |i M559 |p A2216.15 |t Ej.1 |v 7 |3 7 | ||
